| 000 | 00536cam a2200205ua 4500 | ||
|---|---|---|---|
| 001 | 1528 | ||
| 008 | 110711n ii |||gr||||Z||||||eng | ||
| 040 | _cMAIN | ||
| 082 | _a330.9 | ||
| 100 | 1 |
_aby Gide, Charles, _eAuthor. |
|
| 245 | 1 |
_aA history of economic doctrines _cby Charles Gide |
|
| 250 | _a3rd. | ||
| 260 |
_aDelhi: _bOxford University press,983. |
||
| 300 |
_a800p: _c23cm. |
||
| 653 | _aEconomics | ||
| 653 | _aHistory of economics | ||
| 700 |
_aRist, Charles, _eAuthor. |
||
| 700 |
_aRichards, R., _eAuthor. |
||
| 942 | _cBK | ||
| 999 |
_c1417 _d1417 |
||